000 01140cam a22002894a 4500
001 13472228
003 NUST - PNEC
005 20170116180851.0
008 040128s2004 flua b 001 0 eng
010 _a 2004043568
020 _a0748409106 (hbk. : alk. paper)
040 _aDLC
_cLIBRARY
_dDLC
042 _apcc
050 0 0 _aRA1270.P4
_bS74 2004
082 0 0 _a615.902 STE
100 1 _aStenersen, Jørgen.
245 1 0 _aChemical pesticides : mode of action and toxicology /
_cJørgen Stenersen.
260 _aBoca Raton :
_bCRC Press,
_cc2004.
300 _a276 p. :
_bill. ;
_c25 cm.
500 _a"TF2265"--Cover p. 4.
504 _aIncludes bibliographical references (p. 249-264) and index.
650 0 _aPesticides
_xToxicology.
_vME
856 4 2 _3Publisher description
_uhttp://www.loc.gov/catdir/enhancements/fy0646/2004043568-d.html
906 _a7
_bcbc
_corignew
_d1
_eocip
_f20
_gy-gencatlg
942 _2ddc
_cBK
999 _c64627
_d64627